Japanese Prefecture Capitals - Statistics

General Stats
  • This quiz has been taken 995 times
    937 since last reset
  • The average score is 36 of 47
Answer Stats
Prefecture Capital City % Correct
Kyōto Kyōto
97%
Ōsaka Ōsaka
97%
Tōkyō Tōkyō
97%
Hiroshima Hiroshima
96%
Fukuoka Fukuoka
94%
Nagasaki Nagasaki
94%
Hokkaidō Sapporo
94%
Fukushima Fukushima
93%
Chiba Chiba
92%
Akita Akita
91%
Aomori Aomori
91%
Nara Nara
91%
Saitama Saitama
90%
Nagano Nagano
89%
Niigata Niigata
89%
Ōita Ōita
88%
Okayama Okayama
88%
Saga Saga
88%
Gifu Gifu
87%
Kagoshima Kagoshima
87%
Kōchi Kōchi
87%
Kumamoto Kumamoto
87%
Shizuoka Shizuoka
87%
Toyama Toyama
87%
Fukui Fukui
86%
Miyazaki Miyazaki
85%
Tottori Tottori
85%
Wakayama Wakayama
85%
Yamagata Yamagata
85%
Yamaguchi Yamaguchi
85%
Tokushima Tokushima
83%
Aichi Nagoya
82%
Hyōgo Kōbe
75%
Kanagawa Yokohama
74%
Okinawa Naha
73%
Miyagi Sendai
69%
Ishikawa Kanazawa
46%
Ehime Matsuyama
46%
Iwate Morioka
42%
Tochigi Utsunomiya
42%
Mie Tsu
39%
Kagawa Takamatsu
38%
Shiga Ōtsu
37%
Gunma Maebashi
36%
Shimane Matsue
36%
Ibaraki Mito
36%
Yamanashi Kōfu
34%
No matching quizzes found
Score Distribution
Percent of People with Each Score
Percentile by Number Answered
Your Score History
You have not taken this quiz since the last reset